| 000 | 00810nam a2200241Ia 4500 | ||
|---|---|---|---|
| 003 | OSt | ||
| 005 | 20220923221121.0 | ||
| 006 | a|||||r|||| 00| 0 | ||
| 007 | ta | ||
| 008 | 220922b |||||||| |||| 00| 0 hin d | ||
| 024 | _a195,365 | ||
| 037 | _cTextual | ||
| 040 |
_aARTS _cARTS _bhin |
||
| 041 |
_2hin _ahin |
||
| 082 | _aR3xL11:g, 152L8 | ||
| 100 | _aवर्मा, वेदप्रकाश | ||
| 245 | 0 | _aडेविड हयूम का दर्श्रन | |
| 246 | _aḌeviḍ hayūm kā darshrana | ||
| 260 |
_aजयपुर _b राजस्थान हिन्दी ग्रंथ अकादमी _c1978 |
||
| 300 |
_a132पृ. _ccm. |
||
| 942 |
_hR3xL11:g, 152L8 _cTEXL _2CC |
||
| 999 |
_c347575 _d347575 |
||